| 000 | 00000nam##2200000za#4500 |
| 001 | 9.644320 |
| 003 | CaOODSP |
| 005 | 20210624224603 |
| 007 | cr ||||||||||| |
| 008 | 150407|2009||||xxc|||||o f|0| 0 fre|d |
| 040 | |aCaOODSP|bfre |
| 043 | |an-cn--- |
| 086 | 1 |aR5-42/2009F-PDF |
| 110 | 1 |aCanada.|bAffaires indiennes et du Nord. |
| 245 | 10|aÉvaluation sommative du financement des consultations et de l'élaboration des politiques, et de la capacité organisationnelle de base : |h[ressource électronique]|brapport final / |c[publié par la] Direction générale de l'évaluation, de la mesure du rendement et de l'examen. |
| 260 | |aOttawa - Ontario : |bAffaires indiennes et du Nord |cLe 16 février 2009. |
| 300 | |a108p.|bfigures, graphiques, références, tableaux |
| 590 | |a15-03-Supp|b2015-03-13 |
| 691 | 07|aProgramme pour autochtones|2gcpds |
| 691 | 07|aVérification|2gcpds |
| 775 | 08|tSummative evaluation of consultation and policy development and basic organizational capacity funding : |w(CaOODSP)9.700431 |
| 856 | 40|ahttp://publications.gc.ca|qPDF|s712 Ko|uhttps://publications.gc.ca/collections/collection_2015/aadnc-aandc/R5-42-2009-fra.pdf |
| 986 | |aNo SGGID 2086418 |